| 000 | 01134nam a22002177a 4500 | ||
|---|---|---|---|
| 005 | 20220302160055.0 | ||
| 008 | 220225b ||||| |||| 00| 0 eng d | ||
| 020 | _a9780141342443 | ||
| 040 | _cAL | ||
| 041 | _aeng | ||
| 082 |
_223 _a813.6 _bRIOM |
||
| 100 |
_aRick Riordan _921903 |
||
| 245 | _aMagnus chase and the sword of summer | ||
| 260 |
_aUK _bPuffin _c2015 |
||
| 300 |
_a513p. _bPB _c19.5x13cm. |
||
| 365 |
_2General _a5944 _b₹319.20 _c₹ _d₹399.00 _e20% _f18-02-2022 |
||
| 440 |
_aFrom the creator of Percy Jackson _922397 |
||
| 520 | _aMagnus Chase has always been a troubled kid. Since his mother's mysterious death, he's lived alone on the streets of Boston, surviving by his wits. One day, he's tracked down by an uncle he's never met - who tells him an impossible secret: Magnus is the son of a Norse god. The Viking myths are true. The gods of Asger are preparing for war. Trolls, giants and worse monsters are stirring for doomsday. To prevent Ragnar, Magnus must search the Nine Worlds for a weapon that has been lost for thousands of years. | ||
| 650 |
_2Fiction _aAmerican Fiction _921904 |
||
| 942 |
_2ddc _cBK |
||
| 999 |
_c221608 _d221608 |
||